000 01723cad a22002535a 4500
008 140612s2012 xxk f 001 0 eng d
020 _a9781907196294
035 _a(Sirsi) u156621
041 0 _aeng
110 2 _aBuilding Cost Information Services
_96102
245 0 0 _aElemental standard form of cost analysis
_bprinciples, instructions, elements and definitions
_h[electronic resource]
250 _a4th ed.
260 _aLondon
_bBCIS
_c2012
300 _av, 108p.
505 2 _aIntroduction -- Principles of analysis -- Instructions -- Definitions -- Element definitions -- Levels of Analyses -- Analysis forms -- BCIS analyses XML schema.
520 _aThis publication sets out to explain the principles of analysis, instructions on the information required to complete a costs analysism, general definitions, definitions of the elements and sub-elements and element unit quantities It also contains example analysis forms, describes the BCIS elemental XML schema and the BCIS analysis writer programme.
520 _aConversations with BCIS in March 2024 stated that the 4th edition was the last one and no plans for a new one
521 _aAdvanced.
651 4 _aUnited Kingdom
690 _aCost management
_96233
856 4 0 _uhttps://web.archive.org/web/20210216184912/https://www.rics.org/globalassets/rics-website/media/products/data-products/bcis-construction/bcis-elemental-standard-form-cost-analysis-4th-nrm-edition-2012.pdf
_zArchived on the internet archive
856 4 0 _uhttps://www.isurv.com/downloads/file/8313/bcis_elemental_standard_form_of_cost_analysis_principles_instructions_elements_and_definitions_4th_nrm_edition
_zAvailable on isurv (subscription required)
942 _n0
_2ddc
999 _c114326
_d114326